La arquitectura universitaria en el rectorado del doctor Soberón (Record no. 62760)

MARC details
000 -CABECERA
campo de control de longitud fija 00605nam a2200217 a 4500
005 - FECHA Y HORA DE LA ÚLTIMA TRANSACCIÓN
campo de control 20210219152857.0
008 - ELEMENTOS DE LONGITUD FIJA--INFORMACIÓN GENERAL
campo de control de longitud fija 991125n 000 0 spa u
035 ## - NÚMERO DE CONTROL DEL SISTEMA
Número de control de sistema UPN01000064825
100 ## - ASIENTO PRINCIPAL--NOMBRE PERSONAL
Nombre de persona GONZALEZ LOBO, Carlos
222 ## - TÍTULO CLAVE
Título clave FORO UNIVERSITARIO
245 ## - MENCIÓN DE TÍTULO
Título La arquitectura universitaria en el rectorado del doctor Soberón
300 ## - DESCRIPCIÓN FÍSICA
Extensión 55-58
362 ## - FECHAS DE PUBLICACIÓN Y/O DESIGNACIÓN SECUENCIAL
Fecha de publicación y/o designación secuencial 1981 2a época, no. 7, jun.
653 0# - TERMINO DE INDIZACION - NO CONTROLADO
Término no controlado ARQUITECTURA
653 0# - TERMINO DE INDIZACION - NO CONTROLADO
Término no controlado INSTALACIONES EDUCATIVAS
653 0# - TERMINO DE INDIZACION - NO CONTROLADO
Término no controlado SOBERON ACEVEDO, GUILLERMO
653 0# - TERMINO DE INDIZACION - NO CONTROLADO
Término no controlado UNAM
653 0# - TERMINO DE INDIZACION - NO CONTROLADO
Término no controlado UNIVERSIDADES
904 ## - ELEMENTOS DE DATOS D LOCAL, LDD (RLIN)
a AC
b 002636
905 ## - TIPO DE MATERIAL
Tipo de material Articulo

No items available.